[Event "SVK-chT2C 0809"]
[Site "Slovakia"]
[Date "2008.12.07"]
[Round "6.1"]
[White "Straka, Jozef1111"]
[Black "Hlas, Jan"]
[Result "1/2-1/2"]
[WhiteElo "2177"]
[BlackElo "2175"]
[PlyCount "140"]
[EventDate "2008.10.11"]
[EventType "team-tourn"]
[EventRounds "11"]
[EventCountry "SVK"]
[SourceTitle "EXT 2010"]
[Source "ChessBase"]
[SourceDate "2010.11.25"]
[SourceVersion "1"]
[SourceVersionDate "2010.11.25"]
[SourceQuality "1"]
[WhiteTeam "Cadca Caissa"]
[BlackTeam "Zilina Mladost juniors"]
[WhiteTeamCountry "SVK"]
[BlackTeamCountry "SVK"]

1. d4 Nf6 2. c4 g6 3. Nc3 Bg7 4. e4 d6 5. f3 0-0 6. Be3 c5 7. Nge2 Nc6 8. Qd2 Qa5 9. d5 Ne5 10. Ng3 Qb4 11. Nb5 Qxd2+ 12. Kxd2 h5 13. Be2 Bd7 14. Nc3 Nh7 15. Rhe1 e6 16. h3 exd5 17. exd5 f5 18. f4 Nf7 19. Bd3 Bf6 20. Re2 Bd8 21. Nh1 Nf6 22. g3 Nh6 23. Nf2 Kf7 24. a3 a5 25. a4 h4 26. gxh4 Nh5 27. Rg1 Bxh4 28. Nh1 Ng8 29. Reg2 Ne7 30. b3 Rg8 31. Be2 Nf6 32. Bf2 Rh8 33. Bf3 Rae8 34. Be3 Reg8 35. Ra1 Ne8 36. Rag1 Ng7 37. Ra1 Re8 38. Rag1 Nh5 39. Ne2 Nf6 40. Nc3 Reg8 41. Ra1 Ne8 42. Rag1 Rh6 43. Ne2 Bf6 44. Nf2 Rhh8 45. Rb1 Bg7 46. Rh1 Rh4 47. Ra1 Rgh8 48. Rh1 Nf6 49. Rhg1 Nh5 50. Bxh5 R4xh5 51. Rf1 Bh6 52. Ng1 Bg7 53. Nf3 Bf6 54. Rfg1 R5h6 55. Kd3 Bh4 56. Nd1 Bf6 57. Nf2 Ng8 58. Bd2 b6 59. Bc3 Bxc3 60. Kxc3 Nf6 61. Ng5+ Kg7 62. Re1 Re8 63. Rxe8 Nxe8 64. Rg1 Kf6 65. Re1 Ng7 66. Re3 Rh4 67. Nd3 Rh8 68. Kd2 Re8 69. Nh7+ Kf7 70. Ng5+ Kf6 1/2-1/2

[Event "SVK-chT1E 0809"]
[Site "Slovakia"]
[Date "2008.11.22"]
[Round "3.3"]
[White "Krajnak, Jan"]
[Black "Hlas, Jan"]
[Result "0-1"]
[WhiteElo "2087"]
[BlackElo "2175"]
[PlyCount "78"]
[EventDate "2008.10.18"]
[EventType "team-tourn"]
[EventRounds "11"]
[EventCountry "SVK"]
[SourceTitle "EXT 2010"]
[Source "ChessBase"]
[SourceDate "2010.11.25"]
[SourceVersion "1"]
[SourceVersionDate "2010.11.25"]
[SourceQuality "1"]
[WhiteTeam "Svit SO"]
[BlackTeam "Zilina Mladost"]
[WhiteTeamCountry "SVK"]
[BlackTeamCountry "SVK"]

1. e4 e6 2. d4 d5 3. Nd2 c5 4. Ngf3 Nf6 5. e5 Nfd7 6. c3 Nc6 7. Bd3 cxd4 8. cxd4 f6 9. 0-0 fxe5 10. dxe5 g6 11. Re1 Bg7 12. Qc2 Ndxe5 13. Nxe5 Nxe5 14. Rxe5 Bxe5 15. Nf3 Bg7 16. Bxg6+ hxg6 17. Qxg6+ Kf8 18. b3 Qe7 19. Rb1 Bd7 20. Ng5 Rh6 21. Nh7+ Rxh7 22. Qxh7 Re8 23. h4 Qf7 24. h5 Qf5 25. Ba3+ Kf7 26. Qxf5+ exf5 27. Rd1 Be6 28. Rd2 Rh8 29. Bc5 b6 30. Be3 Rxh5 31. Rc2 Be5 32. f4 Bd6 33. a4 Rh8 34. a5 bxa5 35. Bxa7 Rc8 36. Rxc8 Bxc8 37. Bb6 Bb4 38. Kf2 Ba6 39. Ke3 Ke6 0-1

[Event "SVK-chT2C 0809"]
[Site "Slovakia"]
[Date "2008.11.08"]
[Round "3.2"]
[White "Ligart, Tamas"]
[Black "Hlas, Jan"]
[Result "1/2-1/2"]
[WhiteElo "2247"]
[BlackElo "2175"]
[PlyCount "90"]
[EventDate "2008.10.11"]
[EventType "team-tourn"]
[EventRounds "11"]
[EventCountry "SVK"]
[SourceTitle "EXT 2010"]
[Source "ChessBase"]
[SourceDate "2010.11.25"]
[SourceVersion "1"]
[SourceVersionDate "2010.11.25"]
[SourceQuality "1"]
[WhiteTeam "Jelsava Magnezit"]
[BlackTeam "Zilina Mladost juniors"]
[WhiteTeamCountry "SVK"]
[BlackTeamCountry "SVK"]

1. e4 e6 2. d4 d5 3. Nd2 c5 4. exd5 exd5 5. Ngf3 a6 6. dxc5 Bxc5 7. Nb3 Bb6 8. Be2 Nf6 9. 0-0 0-0 10. Bg5 Qd6 11. c3 Ne4 12. Bh4 Bg4 13. Nfd4 Bxe2 14. Qxe2 Nc6 15. Rad1 Rfe8 16. Qc2 g5 17. Bg3 Qg6 18. Rfe1 Rac8 19. Qd3 h5 20. f3 Nxg3 21. Qxg6+ fxg6 22. hxg3 Ne5 23. Kf1 Nc4 24. Rb1 a5 25. a4 Bxd4 26. cxd4 b6 27. Kf2 Kf7 28. Rec1 Kf6 29. Rc2 Rcd8 30. Rbc1 Re6 31. Nd2 Ne3 32. Rc6 Rde8 33. Ne4+ dxe4 34. Kxe3 exf3+ 35. Kxf3 g4+ 36. Kf2 Kf5 37. R1c2 Rd8 38. R2c4 Rdd6 39. Rxd6 Rxd6 40. Ke3 g5 41. b4 axb4 42. Rxb4 h4 43. Rb5+ Kg6 44. gxh4 Re6+ 45. Kf2 gxh4 1/2-1/2

[Event "SVK-chT1E 0708"]
[Site "Slovakia"]
[Date "2008.03.15"]
[Round "10.1"]
[White "Madar, Martin"]
[Black "Hlas, Jan"]
[Result "1-0"]
[WhiteElo "2132"]
[BlackElo "2178"]
[PlyCount "99"]
[EventDate "2007.10.13"]
[EventType "team-swiss"]
[EventRounds "11"]
[EventCountry "SVK"]
[SourceTitle "EXT 2009"]
[Source "ChessBase"]
[SourceDate "2008.11.26"]
[SourceVersion "1"]
[SourceVersionDate "2008.11.26"]
[SourceQuality "1"]
[WhiteTeam "Liptov SK II"]
[BlackTeam "Zilina Mladost"]
[WhiteTeamCountry "SVK"]
[BlackTeamCountry "SVK"]

1. e4 e6 2. d3 c5 3. Nd2 Nc6 4. Ngf3 d6 5. g3 g6 6. Bg2 Bg7 7. 0-0 Nge7 8. c3 0-0 9. Re1 Rb8 10. Nf1 b5 11. Bf4 e5 12. Be3 b4 13. Qd2 Qa5 14. Bh6 f6 15. Bxg7 Kxg7 16. Ne3 Be6 17. Nh4 bxc3 18. bxc3 Qa3 19. f4 Qb2 20. Qxb2 Rxb2 21. f5 Bf7 22. fxg6 hxg6 23. Nd5 Nxd5 24. exd5 Ne7 25. c4 Rfb8 26. g4 Rc2 27. Rab1 Rbb2 28. Rxb2 Rxb2 29. a4 a5 30. Nf3 Rb4 31. g5 Rxa4 32. gxf6+ Kxf6 33. Nd2 Nf5 34. Bh3 Ra2 35. Ne4+ Ke7 36. Rb1 Be8 37. Rb6 a4 38. Bxf5 gxf5 39. Nxd6 Bd7 40. Nb7 a3 41. Nxc5 Rb2 42. Ra6 a2 43. d6+ Kf7 44. Nxd7 Rb1+ 45. Kf2 a1Q 46. Rxa1 Rxa1 47. Nxe5+ Ke6 48. d7 Ra8 49. d4 Ke7 50. c5 1-0

[Event "SVK-chT1E 0708"]
[Site "Slovakia"]
[Date "2008.02.09"]
[Round "8.6"]
[White "Marvanyi, Milan"]
[Black "Hlas, Jan"]
[Result "0-1"]
[WhiteElo "1834"]
[BlackElo "2178"]
[PlyCount "86"]
[EventDate "2007.10.13"]
[EventType "team-swiss"]
[EventRounds "11"]
[EventCountry "SVK"]
[SourceTitle "EXT 2009"]
[Source "ChessBase"]
[SourceDate "2008.11.26"]
[SourceVersion "1"]
[SourceVersionDate "2008.11.26"]
[SourceQuality "1"]
[WhiteTeam "Presov Tatran"]
[BlackTeam "Zilina Mladost"]
[WhiteTeamCountry "SVK"]
[BlackTeamCountry "SVK"]

1. d4 Nf6 2. c4 g6 3. Nc3 Bg7 4. e4 d6 5. Bd3 0-0 6. Nge2 Nbd7 7. 0-0 e5 8. d5 Ne8 9. Ng3 Nc5 10. Bc2 a5 11. Bd2 Qh4 12. f3 f5 13. exf5 gxf5 14. Qe2 Rf6 15. Rfe1 Bh6 16. Bxh6 Rxh6 17. Nf1 Bd7 18. b3 Nf6 19. Qf2 Qh5 20. Ne2 Kh8 21. Neg3 Qg5 22. a3 f4 23. Ne4 Ncxe4 24. Bxe4 Rg8 25. Ra2 Nh5 26. b4 Bh3 27. Kh1 Bxg2+ 28. Qxg2 Qh4 29. Qe2 Qg5 30. Qf2 Ng3+ 31. Nxg3 fxg3 32. Qe3 g2+ 33. Kg1 Qxe3+ 34. Rxe3 Rxh2 35. Rxg2 Rgxg2+ 36. Kf1 Rf2+ 37. Kg1 a4 38. Rc3 Rfg2+ 39. Kf1 Rb2 40. Kg1 Rhd2 41. Rc1 h5 42. c5 h4 43. cxd6 cxd6 0-1

[Event "SVK-chT2C 0708"]
[Site "Slovakia"]
[Date "2008.02.02"]
[Round "8.1"]
[White "Hlas, Jan"]
[Black "Lukac, Roman"]
[Result "1/2-1/2"]
[WhiteElo "2181"]
[BlackElo "2140"]
[PlyCount "73"]
[EventDate "2007.10.06"]
[EventType "team-tourn"]
[EventRounds "11"]
[EventCountry "SVK"]
[SourceTitle "EXT 2010"]
[Source "ChessBase"]
[SourceDate "2010.11.25"]
[SourceVersion "1"]
[SourceVersionDate "2010.11.25"]
[SourceQuality "1"]
[WhiteTeam "Zilina Mladost juniors"]
[BlackTeam "Banska Bystrica Kurta"]
[WhiteTeamCountry "SVK"]
[BlackTeamCountry "SVK"]

1. d4 f5 2. g3 Nf6 3. Bg2 g6 4. Nf3 Bg7 5. 0-0 0-0 6. c4 d6 7. b4 a5 8. b5 c6 9. Bb2 Qc7 10. Nbd2 Nbd7 11. Ng5 Nb6 12. Rc1 h6 13. Ngf3 Nbd7 14. Nh4 Kh7 15. e4 e6 16. d5 Ne5 17. Bxe5 dxe5 18. exf5 exf5 19. dxc6 e4 20. cxb7 Bxb7 21. c5 Bd5 22. b6 Qb7 23. Nc4 Rfd8 24. Qc2 Nd7 25. Ne3 Bc6 26. Rfd1 Bf8 27. Rxd7+ Rxd7 28. Qc4 Re8 29. Bh3 Re5 30. Nxg6 Kxg6 31. Qg8+ Bg7 32. Nxf5 Rxf5 33. Qe6+ Rf6 34. Bf5+ Kh5 35. Bg4+ Kg6 36. Bf5+ Kh5 37. Bg4+ 1/2-1/2

[Event "SVK-chT1E 0708"]
[Site "Slovakia"]
[Date "2007.12.08"]
[Round "5.5"]
[White "Janik, Miroslav"]
[Black "Hlas, Jan"]
[Result "0-1"]
[WhiteElo "2100"]
[BlackElo "2178"]
[PlyCount "75"]
[EventDate "2007.10.13"]
[EventType "team-swiss"]
[EventRounds "11"]
[EventCountry "SVK"]
[SourceTitle "EXT 2009"]
[Source "ChessBase"]
[SourceDate "2008.11.26"]
[SourceVersion "1"]
[SourceVersionDate "2008.11.26"]
[SourceQuality "1"]
[WhiteTeam "Martin MSK"]
[BlackTeam "Zilina Mladost"]
[WhiteTeamCountry "SVK"]
[BlackTeamCountry "SVK"]

1. e4 e6 2. d4 d5 3. Nd2 Nf6 4. e5 Nfd7 5. Bd3 c5 6. c3 Nc6 7. Ne2 cxd4 8. cxd4 f6 9. exf6 Nxf6 10. 0-0 Bd6 11. Nf3 Qc7 12. Nc3 a6 13. Bg5 0-0 14. Bh4 Nh5 15. Bg3 Nxg3 16. hxg3 g6 17. Rc1 Qg7 18. Bb1 g5 19. Ne2 g4 20. Nh4 Bd7 21. Qd2 Rf7 22. a3 Raf8 23. Rc3 Be7 24. f4 Bd8 25. Re3 Na5 26. Rc3 Nc4 27. Qc1 Bb6 28. Rd1 e5 29. b3 exd4 30. Rcd3 Ne3 31. Rxe3 dxe3 32. Rxd5 Bb5 33. Rg5 Qxg5 34. fxg5 Bxe2 35. Qc2 Bd3 36. Qxd3 e2+ 37. Kh2 e1Q 38. g6 0-1

[Event "SVK-chT2C 0708"]
[Site "Slovakia"]
[Date "2007.12.02"]
[Round "6.5"]
[White "Hlas, Jan"]
[Black "Galvanek, Ladislav"]
[Result "1/2-1/2"]
[WhiteElo "2181"]
[BlackElo "2155"]
[PlyCount "73"]
[EventDate "2007.10.06"]
[EventType "team-tourn"]
[EventRounds "11"]
[EventCountry "SVK"]
[SourceTitle "EXT 2010"]
[Source "ChessBase"]
[SourceDate "2010.11.25"]
[SourceVersion "1"]
[SourceVersionDate "2010.11.25"]
[SourceQuality "1"]
[WhiteTeam "Zilina Mladost juniors"]
[BlackTeam "Zilina Central"]
[WhiteTeamCountry "SVK"]
[BlackTeamCountry "SVK"]

1. Nf3 d5 2. g3 c5 3. Bg2 Nc6 4. 0-0 Nf6 5. d3 g6 6. Nc3 Bg7 7. a3 0-0 8. Rb1 Ne8 9. Bd2 Nc7 10. b4 cxb4 11. axb4 d4 12. Na4 Nb5 13. Qe1 Qd6 14. c4 dxc3 15. Nxc3 Ncd4 16. Nxd4 Nxd4 17. Ne4 Qe5 18. e3 Nb5 19. d4 Qb8 20. Qe2 a6 21. Rbc1 Rd8 22. Nc3 Bd7 23. Nd5 Qd6 24. Nf4 Rab8 25. Rfd1 e5 26. dxe5 Qxe5 27. Nd3 Qe7 28. Nc5 Bc8 29. Be1 Rxd1 30. Rxd1 b6 31. Ne4 Bb7 32. Qd3 Re8 33. Nc3 Bxg2 34. Kxg2 Nxc3 35. Bxc3 Bxc3 36. Qxc3 Rd8 37. Rxd8+ 1/2-1/2

[Event "SVK-chT2C 0708"]
[Site "Slovakia"]
[Date "2007.12.01"]
[Round "5.6"]
[White "Vyparina, Matej"]
[Black "Hlas, Jan"]
[Result "1/2-1/2"]
[WhiteElo "2278"]
[BlackElo "2181"]
[PlyCount "28"]
[EventDate "2007.10.06"]
[EventType "team-tourn"]
[EventRounds "11"]
[EventCountry "SVK"]
[SourceTitle "EXT 2010"]
[Source "ChessBase"]
[SourceDate "2010.11.25"]
[SourceVersion "1"]
[SourceVersionDate "2010.11.25"]
[SourceQuality "1"]
[WhiteTeam "Zilina Mladost II"]
[BlackTeam "Zilina Mladost juniors"]
[WhiteTeamCountry "SVK"]
[BlackTeamCountry "SVK"]

1. e4 e6 2. d4 d5 3. e5 c5 4. c3 Qb6 5. Nf3 Bd7 6. Be2 cxd4 7. cxd4 Bb5 8. Nc3 Bb4 9. 0-0 Bxc3 10. bxc3 Bxe2 11. Qxe2 Ne7 12. a4 Nbc6 13. Ba3 Qc7 14. Rfb1 b6 1/2-1/2

[Event "SVK-chT1E 0708"]
[Site "Slovakia"]
[Date "2007.10.13"]
[Round "1.3"]
[White "Najgebauer, Szemjon"]
[Black "Hlas, Jan"]
[Result "1-0"]
[WhiteElo "2122"]
[BlackElo "2178"]
[PlyCount "119"]
[EventDate "2007.10.13"]
[EventType "team-swiss"]
[EventRounds "11"]
[EventCountry "SVK"]
[SourceTitle "EXT 2009"]
[Source "ChessBase"]
[SourceDate "2008.11.26"]
[SourceVersion "1"]
[SourceVersionDate "2008.11.26"]
[SourceQuality "1"]
[WhiteTeam "Kosice Slavia UPJS III"]
[BlackTeam "Zilina Mladost"]
[WhiteTeamCountry "SVK"]
[BlackTeamCountry "SVK"]

1. d4 Nf6 2. Nf3 g6 3. c4 Bg7 4. Nc3 0-0 5. e4 d6 6. Be2 Nbd7 7. 0-0 e5 8. Re1 c6 9. Be3 Ng4 10. Bg5 f6 11. Bh4 h5 12. h3 Nh6 13. Qd2 Nf7 14. b4 Qe7 15. Rad1 Re8 16. Qc2 Nf8 17. d5 g5 18. Bg3 c5 19. bxc5 dxc5 20. Nb5 Rd8 21. Nd2 g4 22. hxg4 hxg4 23. Nf1 a6 24. Nc3 Nd6 25. Ne3 b6 26. Na4 Qa7 27. Nf5 Bxf5 28. exf5 b5 29. Nb2 b4 30. Bxg4 a5 31. Na4 Rac8 32. Be2 Nd7 33. Bd3 Nb6 34. Nxb6 Qxb6 35. f4 e4 36. Bxe4 a4 37. Bd3 b3 38. axb3 axb3 39. Qc3 Qb4 40. Qxb4 cxb4 41. Rc1 b2 42. Rc2 Re8 43. Rxb2 Rxe1+ 44. Bxe1 Nxc4 45. Rc2 Nb6 46. Rxc8+ Nxc8 47. Bxb4 Bf8 48. Bxf8 Kxf8 49. Kf2 Ke7 50. Ke3 Kd6 51. Kd4 Nb6 52. Bc4 Na8 53. g4 Nc7 54. g5 Ne8 55. Bb5 Ng7 56. Ke4 Nh5 57. Kf3 fxg5 58. fxg5 Kxd5 59. Kg4 Ng7 60. Bd7 1-0

[Event "SVK-chT2C 0708"]
[Site "Slovakia"]
[Date "2007.10.07"]
[Round "2.6"]
[White "Hlas, Jan"]
[Black "Singliar, Anton"]
[Result "0-1"]
[WhiteElo "2181"]
[BlackElo "2159"]
[PlyCount "108"]
[EventDate "2007.10.06"]
[EventType "team-tourn"]
[EventRounds "11"]
[EventCountry "SVK"]
[SourceTitle "EXT 2010"]
[Source "ChessBase"]
[SourceDate "2010.11.25"]
[SourceVersion "1"]
[SourceVersionDate "2010.11.25"]
[SourceQuality "1"]
[WhiteTeam "Zilina Mladost juniors"]
[BlackTeam "Dolny Kubin"]
[WhiteTeamCountry "SVK"]
[BlackTeamCountry "SVK"]

1. d4 d5 2. c4 c6 3. Nf3 Nf6 4. Nc3 Qb6 5. e3 Bg4 6. Bd3 e6 7. 0-0 Be7 8. Qb3 Bxf3 9. Qxb6 axb6 10. gxf3 dxc4 11. Bxc4 Nbd7 12. Bd2 0-0 13. f4 Rfd8 14. Rfd1 Nf8 15. Be1 Ng6 16. f3 Nd5 17. Bxd5 exd5 18. f5 Nh4 19. Bxh4 Bxh4 20. e4 dxe4 21. fxe4 g6 22. fxg6 hxg6 23. Kg2 b5 24. Kf3 b4 25. Ne2 Ra5 26. a4 bxa3 27. Rxa3 Rb5 28. Rd2 Bg5 29. Rc2 Bf6 30. Rd3 Rb4 31. Rcd2 Kg7 32. e5 Bg5 33. Rc2 Rd5 34. Ke4 Rdb5 35. Nc3 Rxb2 36. Rxb2 Rxb2 37. h3 Re2+ 38. Kf3 Rb2 39. Kg3 Be7 40. Ne4 f6 41. d5 cxd5 42. exf6+ Bxf6 43. Rxd5 Be7 44. h4 Rb4 45. Re5 Bf6 46. Re6 Bd8 47. Ng5 Rd4 48. Nf3 Rd5 49. Kg4 Kf7 50. Re4 Bf6 51. Ng5+ Bxg5 52. hxg5 b5 53. Rf4+ Ke7 54. Rf6 Rd6 0-1

[Event "SVK-chT2C 0708"]
[Site "Slovakia"]
[Date "2007.10.06"]
[Round "1.5"]
[White "Polko, Juraj"]
[Black "Hlas, Jan"]
[Result "0-1"]
[WhiteElo "2145"]
[BlackElo "2181"]
[PlyCount "44"]
[EventDate "2007.10.06"]
[EventType "team-tourn"]
[EventRounds "11"]
[EventCountry "SVK"]
[SourceTitle "EXT 2010"]
[Source "ChessBase"]
[SourceDate "2010.11.25"]
[SourceVersion "1"]
[SourceVersionDate "2010.11.25"]
[SourceQuality "1"]
[WhiteTeam "Martin Medea"]
[BlackTeam "Zilina Mladost juniors"]
[WhiteTeamCountry "SVK"]
[BlackTeamCountry "SVK"]

1. a3 Nf6 2. d3 d5 3. Nf3 c5 4. g3 Nc6 5. Bg2 e5 6. 0-0 Be7 7. b4 cxb4 8. axb4 Bxb4 9. c4 0-0 10. Qa4 e4 11. Ng5 dxc4 12. Bb2 exd3 13. exd3 h6 14. Bxc6 bxc6 15. Qxb4 hxg5 16. Qxc4 Bh3 17. Re1 Qd7 18. Ra5 Nd5 19. Qd4 f6 20. Nc3 Rfe8 21. Rxe8+ Rxe8 22. Ra1 Qf5 0-1

[Event "SVK-chT2C 0506"]
[Site "Slovakia"]
[Date "2006.02.12"]
[Round "9.2"]
[White "Hlas, Jan"]
[Black "Giertli, Vladimir"]
[Result "1-0"]
[WhiteElo "2177"]
[BlackElo "2236"]
[PlyCount "85"]
[EventDate "2005.10.22"]
[EventType "team-tourn"]
[EventRounds "11"]
[EventCountry "SVK"]
[SourceTitle "EXT 2009"]
[Source "ChessBase"]
[SourceDate "2008.11.26"]
[SourceVersion "1"]
[SourceVersionDate "2008.11.26"]
[SourceQuality "1"]

1. d4 d6 2. Nf3 Nd7 3. c4 c6 4. e4 e5 5. Nc3 Ngf6 6. Be2 Be7 7. 0-0 0-0 8. Qc2 Qc7 9. h3 Re8 10. Be3 Nf8 11. b4 b6 12. a4 a6 13. a5 b5 14. d5 bxc4 15. Bb6 Qb7 16. Bxc4 N8d7 17. dxc6 Qxc6 18. Qb3 Nxb6 19. Bxf7+ Kh8 20. Bxe8 Nxe8 21. axb6 Qxb6 22. Nd5 Qb7 23. Nxe7 Qxe7 24. Rfc1 Nc7 25. Ng5 g6 26. Qe3 h6 27. Nf3 Kg7 28. Nd2 Rb8 29. Nb3 Ne6 30. Na5 Nf4 31. Kh2 Qf7 32. Nc6 Ra8 33. b5 Bb7 34. b6 Ne6 35. Na5 Nc5 36. f3 Rc8 37. Rab1 g5 38. Nb3 Nxb3 39. Rxc8 Bxc8 40. Qxb3 Qf4+ 41. Kh1 Bb7 42. Qc2 g4 43. hxg4 1-0